Statistiques concernant Pays qui possédaient Kiev (Kyiv) à travers l'histoire

Cliquez ici pour prendre le quiz!

Statistiques générales

  • Ce quiz a été pris 88 fois
  • Le résultat moyen est 5 sur 9

Statistiques - réponses

PériodePays% Correct
1667-1917Empire Russe
100%
1917-1922République populaire d'Ukraine
96%
1991-2023Ukraine
96%
1922-1991URSS
86%
1562-1667Pologne-Lituanie
59%
1240-1362Empire Mongol / Horde d'or
33%
882-1240Rus' de Kiev
24%
1362-1569Grand Duché de Lituanie
23%
482-882Principauté de Kiev
1%

Distribution des résultats

Percentile par nombre de réponses

% des personnes avec chaque résultat

Votre développement - résultats

Vous n’avez pas pris ce quiz